[Event "MetroWest Memorial op"]
[Site "Natick"]
[Date "2014.09.09"]
[Round "2.3"]
[White "Astrachan, Edward"]
[Black "Godin, Eric J"]
[Result "0-1"]
[WhiteElo "2016"]
[BlackElo "2223"]
[PlyCount "76"]
[EventDate "2014.09.02"]
[EventType "swiss"]
[EventRounds "5"]
[EventCountry "USA"]
[SourceTitle "EXT 2023"]
[Source "ChessBase"]
[SourceDate "2022.10.05"]
[SourceVersion "1"]
[SourceVersionDate "2022.10.05"]
[SourceQuality "1"]

1. d4 g6 2. c4 Bg7 3. e4 d6 4. f4 Nc6 5. Be3 e5 6. dxe5 dxe5 7. Qxd8+ Nxd8 8. Nc3 exf4 9. Bxf4 Ne6 10. Bd2 Nf6 11. Nf3 0-0 12. 0-0-0 c6 13. Bd3 a5 14. Na4 Nd7 15. Bc3 Nf4 16. Bxg7 Kxg7 17. Bf1 Re8 18. g3 Ne6 19. Bh3 Nec5 20. Bxd7 Nxd7 21. Rhe1 Rb8 22. Rd6 b5 23. Nc3 Nc5 24. Re3 b4 25. Nd1 Bb7 26. e5 Rbd8 27. Rxd8 Rxd8 28. Kc2 Bc8 29. Nf2 Bf5+ 30. Kc1 h5 31. h3 a4 32. g4 hxg4 33. hxg4 Be6 34. b3 a3 35. Kc2 Rh8 36. Ng5 Rh2 37. Nxe6+ Nxe6 38. Rf3 Nd4+ 0-1

[Event "MCC Thanksgiving op"]
[Site "Natick"]
[Date "2013.11.05"]
[Round "1.2"]
[White "Foygel, Igor"]
[Black "Astrachan, Edward"]
[Result "1-0"]
[WhiteElo "2502"]
[BlackElo "2026"]
[PlyCount "61"]
[EventDate "2013.11.05"]
[EventType "swiss"]
[EventRounds "4"]
[EventCountry "USA"]
[SourceTitle "EXT 2023"]
[Source "ChessBase"]
[SourceDate "2022.10.05"]
[SourceVersion "1"]
[SourceVersionDate "2022.10.05"]
[SourceQuality "1"]

1. d4 Nf6 2. c4 g6 3. Nf3 Bg7 4. e3 d5 5. cxd5 Nxd5 6. e4 Nb6 7. Nc3 Bg4 8. Be3 Bxf3 9. Qxf3 Bxd4 10. Rd1 e5 11. Bh6 N8d7 12. Nb5 Bxb2 13. Qb3 Bd4 14. Bc4 Nxc4 15. Qxc4 Bb6 16. Bg7 Rg8 17. Bxe5 Rc8 18. 0-0 a6 19. Nc3 Qe7 20. Bg3 Qc5 21. Qb3 Rd8 22. e5 Rg7 23. Rfe1 Kf8 24. Ne4 Qb5 25. Bh4 Qxb3 26. axb3 f6 27. exf6 Rf7 28. Ng5 Bc5 29. Ne6+ Ke8 30. Nxc5+ Kf8 31. Ne6+ 1-0

[Event "MetroWest CC-ch"]
[Site "Natick"]
[Date "2011.05.24"]
[Round "4"]
[White "Bisguier, Arthur Bernard"]
[Black "Astrachan, Edward"]
[Result "1-0"]
[WhiteElo "2220"]
[BlackElo "2009"]
[PlyCount "73"]
[EventDate "2011.05.03"]
[EventType "tourn"]
[EventRounds "5"]
[EventCountry "USA"]
[SourceTitle "EXT 2023"]
[Source "ChessBase"]
[SourceDate "2022.10.05"]
[SourceVersion "1"]
[SourceVersionDate "2022.10.05"]
[SourceQuality "1"]

1. e4 c5 2. Nc3 Nc6 3. f4 g6 4. Nf3 Bg7 5. Bb5 Nd4 6. Nxd4 cxd4 7. Ne2 a6 8. Bd3 d6 9. 0-0 e6 10. c3 dxc3 11. dxc3 Ne7 12. Be3 0-0 13. Ng3 f5 14. exf5 exf5 15. Qb3+ Kh8 16. Bb6 Qd7 17. Rfe1 Bf6 18. Rad1 Qc6 19. Ne2 Nd5 20. Bd4 Be6 21. Bxf6+ Rxf6 22. Nd4 Nxf4 23. Qc2 Qd7 24. Bf1 Re8 25. Qf2 Nh5 26. Be2 Ng7 27. Qh4 Qf7 28. Nf3 Bxa2 29. Ng5 Qg8 30. Nxh7 Qxh7 31. Qxf6 Re6 32. Qd8+ Qg8 33. Rxd6 Re4 34. Qxg8+ Kxg8 35. Kf2 g5 36. Bf3 Rxe1 37. Kxe1 1-0

[Event "MetroWest CC-ch"]
[Site "Natick"]
[Date "2011.05.10"]
[Round "2"]
[White "Astrachan, Edward"]
[Black "Thompson, Ethan"]
[Result "1-0"]
[WhiteElo "2009"]
[BlackElo "1914"]
[PlyCount "65"]
[EventDate "2011.05.03"]
[EventType "tourn"]
[EventRounds "5"]
[EventCountry "USA"]
[SourceTitle "EXT 2023"]
[Source "ChessBase"]
[SourceDate "2022.10.05"]
[SourceVersion "1"]
[SourceVersionDate "2022.10.05"]
[SourceQuality "1"]

1. d4 d5 2. c4 dxc4 3. e4 e5 4. Nf3 exd4 5. Bxc4 Be6 6. Bxe6 fxe6 7. Qxd4 Nc6 8. Qa4 Qd7 9. 0-0 Bd6 10. Nc3 a6 11. Rd1 Nf6 12. Bf4 e5 13. Bg3 0-0-0 14. a3 h6 15. b4 Qe6 16. b5 axb5 17. Nxb5 Nd7 18. Rab1 Nc5 19. Qc2 Be7 20. Rdc1 Rd7 21. Nd2 Rhd8 22. Nc4 Nd4 23. Nxd4 exd4 24. Ne5 d3 25. Qb2 d2 26. Rd1 Rd4 27. f3 Bd6 28. Qxd4 Na6 29. Qb2 b6 30. Rxd2 Bc5+ 31. Kh1 Rxd2 32. Qxd2 Bxa3 33. Qc3 1-0

[Event "Boylston CC-ch"]
[Site "Boston"]
[Date "2001.11.19"]
[Round "7"]
[White "Desmarais, Chris"]
[Black "Astrachan, Edward"]
[Result "0-1"]
[WhiteElo "2223"]
[BlackElo "1871"]
[PlyCount "65"]
[EventDate "2001.11.??"]
[EventType "tourn"]
[EventRounds "10"]
[EventCountry "USA"]
[SourceTitle "EXT 2005"]
[Source "ChessBase"]
[SourceDate "2004.11.15"]
[SourceVersion "1"]
[SourceVersionDate "2004.11.15"]
[SourceQuality "1"]

1. c4 c6 2. d4 d5 3. Nf3 Nf6 4. Nc3 e6 5. Bg5 dxc4 6. e4 b5 7. e5 h6 8. Bh4 g5 9. Nxg5 hxg5 10. Bxg5 Nbd7 11. g3 Rg8 12. h4 Rxg5 13. hxg5 Nd5 14. g6 fxg6 15. Qg4 Qe7 16. Bg2 Qf7 17. Be4 Qg8 18. Bxg6+ Kd8 19. Qh5 Bb4 20. Rc1 N7b6 21. 0-0 Bxc3 22. bxc3 Bd7 23. Be4 Kc7 24. Qh4 Qg7 25. f4 Rh8 26. Qg5 Qxg5 27. fxg5 Rg8 28. g6 Be8 29. Rc2 Bxg6 30. Bxg6 Rxg6 31. Rf7+ Nd7 32. Rh2 Rxg3+ 33. Kf2 0-1